: پریم چند (Record no. 109477)
[ view plain ]
| 000 -LEADER | |
|---|---|
| fixed length control field | 00762nam a22002297a 4500 |
| 005 - DATE AND TIME OF LATEST TRANSACTION | |
| control field | 20170123162354.0 |
| 010 ## - LIBRARY OF CONGRESS CONTROL NUMBER | |
| LC control number | A-243931 |
| 020 ## - INTERNATIONAL STANDARD BOOK NUMBER | |
| Terms of availability | 15.00 |
| 035 ## - SYSTEM CONTROL NUMBER | |
| System control number | A-243931 |
| 037 ## - SOURCE OF ACQUISITION | |
| Source of stock number/acquisition | Cen Lib/Ret |
| 040 ## - CATALOGING SOURCE | |
| Original cataloging agency | DPL |
| Language of cataloging | UR |
| 082 ## - DEWEY DECIMAL CLASSIFICATION NUMBER | |
| Classification number | 920 |
| Item number | ع ب د |
| 100 ## - MAIN ENTRY--PERSONAL NAME | |
| Personal name | عبدالسلام |
| 9 (RLIN) | 500 |
| 245 ## - TITLE STATEMENT | |
| Title | : پریم چند |
| Statement of responsibility, etc | عبدالسلام |
| Remainder of title | / سمائی اور سیاسی ناول |
| 246 ## - VARYING FORM OF TITLE | |
| Title proper/short title | Prem Chand: samaji aur siyasi navel / |
| Remainder of title | by abdussalam |
| 260 ## - PUBLICATION, DISTRIBUTION, ETC. (IMPRINT) | |
| Place of publication, distribution, etc | نیی دہلی |
| Name of publisher, distributor, etc | اعجاز پبلشنگ ہاؤس |
| Date of publication, distribution, etc | 1985 |
| 270 ## - ADDRESS | |
| Address | دریا گنج |
| City | نیی دہلی |
| Postal code | 110002 |
| 300 ## - PHYSICAL DESCRIPTION | |
| Extent | 120p. |
| Dimensions | 21cm(Hb) |
| 650 ## - SUBJECT ADDED ENTRY--TOPICAL TERM | |
| Topical term or geographic name as entry element | تاریخ |
| Form subdivision | ناول |
| 9 (RLIN) | 137994 |
| 650 ## - SUBJECT ADDED ENTRY--TOPICAL TERM | |
| Topical term or geographic name as entry element | History |
| Form subdivision | Novel |
| 9 (RLIN) | 137995 |
| 942 ## - ADDED ENTRY ELEMENTS (KOHA) | |
| Source of classification or shelving scheme | Dewey Decimal Classification |
| Koha item type | Urdu Bks |
| Classification part | 920 |
| Call number suffix | ع ب د |
| Withdrawn status | Lost status | Damaged status | Not for loan | Home library | Current library | Date acquired | Source of acquisition | Cost, normal purchase price | Total Checkouts | Full call number | Barcode | Date last seen | Copy number | Cost, replacement price | Price effective from | Koha item type |
|---|---|---|---|---|---|---|---|---|---|---|---|---|---|---|---|---|
| Central Library | Central Library | 12/03/2016 | Cen Lib/Ref | 15.00 | 920 ع ب د | A-243931 | 12/03/2016 | 1 | 15.00 | 12/03/2016 | Urdu Bks |
